000 01330nam a2200385 c 4500
999 _c346239
_d346239
003 BLK
005 20241012155458.0
008 180409b bul|||||r ||||||| ||bul||
010 _aKNG00143938000
020 _a9789542829973
040 _aBLK
041 _aBUL
_cBUL
072 7 _2bullib
_aН84
_xБългарска художествена литература Н
080 _aБългарска литература
_b821.163.2
_x-32
_z821.163.2-32
100 _aДраганова, Мануела
_eавт.
_9389356
139 _aДраганова, Мануела
_bД 85
245 _aАна
_cМануела Драганова
257 _aBGR
260 _aСофия
_bСиела Норма
_c2019
_fАлианс Принт
_9217021
_n978-954-28-
300 _a330 с.
_c21 см
380 _aX
653 7 _9195710
_aРоман
653 7 _9182641
_aбългарска литература
659 _aН
700 _9390711
_aПисарова, Моника Светославова
_eкорица
852 _cП 886.7-32/Д 85
856 4 _qpdf
_i0.00
_ldisable
856 4 _qpdf
_i0.00
_ldisable
942 _cKNG
_n0
_052
_s1
944 _aCR
_c12.06.2013
_lГалина Якимова
_k30564
944 _aED
_c2019-11-06
_l2019-11-06
999 _d346239
999 _d346239
999 _d137959